Participación del gobierno en el desarrollo tecnológico: un modelo de crecimiento endógeno para una economía monetaria /

Guardado en:
Bibliografiske detaljer
Hovedforfatter: Rivas Aceves, Salvador
Andre forfattere: Venegas Martínez, Francisco
Format: Texto
Fag:
Tags: Tilføj Tag
Ingen Tags, Vær først til at tagge denne postø!

MARC

LEADER 00000 a a2200000 04500
001 42512
003
040
100 |a Rivas Aceves, Salvador  
245 |a Participación del gobierno en el desarrollo tecnológico:   |b un modelo de crecimiento endógeno para una economía monetaria /  |c Salvador Rivas Aceves; Francisco Venegas-Martínez  
650 |a CRECIMIENTO ECONOMICO  
650 |a GASTOS PUBLICOS  
650 |a POLITICA TECNOLOGICA  
700 |a Venegas Martínez, Francisco  
773 |g volumen39, número152 ( , 2008), páginas 47-68  
999 |c 29511  |d 29511